[Event "Madrid-chT 2021"]
[Site "Madrid"]
[Date "2021.04.17"]
[Round "8.6"]
[White "Rottenwohrer Suarez, Juan"]
[Black "Matesanz Bonastre, Rafael"]
[Result "1-0"]
[WhiteElo "2203"]
[BlackElo "1924"]
[PlyCount "127"]
[EventDate "2021.01.23"]
[EventType "team-tourn"]
[EventRounds "14"]
[EventCountry "ESP"]
[SourceTitle "EXT 2022"]
[Source "ChessBase"]
[SourceDate "2021.10.06"]
[SourceVersion "1"]
[SourceVersionDate "2021.10.06"]
[SourceQuality "1"]
[WhiteTeam "Blanco y Negro"]
[BlackTeam "Capablanca"]
[WhiteTeamCountry "ESP"]
[BlackTeamCountry "ESP"]

1. Nf3 d5 2. d4 e6 3. c4 Nf6 4. Nc3 Be7 5. cxd5 exd5 6. Bg5 c6 7. Qc2 h6 8. Bh4 0-0 9. e3 Re8 10. Bd3 Nbd7 11. 0-0 Ne4 12. Bxe7 Qxe7 13. Rab1 Ng5 14. Nd2 Nf6 15. Rfe1 Nfe4 16. f4 Nxd2 17. Qxd2 Ne4 18. Bxe4 dxe4 19. b4 Be6 20. Rec1 Bc4 21. Na4 Bd5 22. Nc5 Rac8 23. a4 Red8 24. Qb2 b6 25. Na6 Qb7 26. b5 Kh8 27. Nb4 c5 28. dxc5 Rxc5 29. Rxc5 bxc5 30. Na6 Rc8 31. Rc1 Qb6 32. Qc3 c4 33. Nb4 Bb7 34. Nc2 Rd8 35. Nd4 Bd5 36. Nf5 Qg6 37. Nd4 Kh7 38. Rd1 Qh5 39. Rd2 Qh4 40. g3 Qf6 41. Qc2 Rc8 42. Ne2 Be6 43. Qxe4+ Bf5 44. Qd4 c3 45. Qxf6 gxf6 46. Rd1 c2 47. Rc1 Rc4 48. Kf2 Rb4 49. Ke1 Rxa4 50. Nd4 Be4 51. Nxc2 Ra2 52. Nd4 Rxh2 53. Rc7 Ra2 54. Rxf7+ Kg6 55. Re7 f5 56. g4 Ra1+ 57. Kd2 Ra2+ 58. Ke1 Bd3 59. Re6+ Kg7 60. gxf5 h5 61. Re7+ Kh6 62. f6 Kg6 63. f7 Kg7 64. Ne6+ 1-0

[Event "Madrid San Viator op-A 31st"]
[Site "Madrid"]
[Date "2019.09.15"]
[Round "2"]
[White "Horcajada Reales, Guillermo"]
[Black "Matesanz Bonastre, Rafael"]
[Result "1-0"]
[WhiteElo "2154"]
[BlackElo "1902"]
[PlyCount "131"]
[EventDate "2019.09.08"]
[EventType "swiss"]
[EventRounds "9"]
[EventCountry "ESP"]
[SourceTitle "EXT 2022"]
[Source "ChessBase"]
[SourceDate "2021.10.06"]
[SourceVersion "1"]
[SourceVersionDate "2021.10.06"]
[SourceQuality "1"]

1. e4 e6 2. d4 d5 3. Nd2 c5 4. exd5 Qxd5 5. Ndf3 cxd4 6. Qxd4 Qxd4 7. Nxd4 Bd7 8. Ngf3 f6 9. Bc4 e5 10. Ne6 Bxe6 11. Bxe6 Bd6 12. 0-0 Ke7 13. Bd5 Nc6 14. Be3 Kd7 15. Rad1 Nge7 16. Be4 Kc7 17. Nd2 f5 18. Nc4 Rad8 19. Nxd6 Rxd6 20. Rxd6 Kxd6 21. Bf3 Kc7 22. Rd1 Rd8 23. Rxd8 Kxd8 24. c3 Kd7 25. Be2 Kd6 26. f3 b6 27. Kf2 Nd5 28. Bd2 h6 29. b4 Nc7 30. Bd3 Ne7 31. h4 Kd5 32. Be3 Ne6 33. Bc2 Kd6 34. a4 Nd5 35. Bd2 Ne7 36. g3 Kd5 37. Bb3+ Kd6 38. Ke3 Nd5+ 39. Kd3 Nf6 40. Be3 e4+ 41. fxe4 fxe4+ 42. Kd2 Ng4 43. Bxe6 Kxe6 44. Bd4 g6 45. c4 Kd6 46. c5+ Kc7 47. b5 bxc5 48. Bxc5 Kb7 49. Kc3 h5 50. Kd4 Nf6 51. Be7 e3 52. Kd3 Nd5 53. Bc5 e2 54. Kxe2 Nc3+ 55. Kf3 Nxa4 56. Bd4 Nb6 57. Kf4 Nd5+ 58. Kg5 Ne7 59. Kf6 Nf5 60. Bf2 Nd6 61. Kxg6 Nxb5 62. Kxh5 a5 63. Be1 a4 64. Bb4 Kc6 65. Kg6 Kd7 66. h5 1-0

[Event "Madrid Chamartin op 7th"]
[Site "Madrid"]
[Date "2018.09.05"]
[Round "4"]
[White "Porras Fernandez, Alberto"]
[Black "Matesanz Bonastre, Rafael"]
[Result "1-0"]
[WhiteElo "1951"]
[BlackElo "1857"]
[PlyCount "83"]
[EventDate "2018.09.03"]
[EventType "swiss"]
[EventRounds "9"]
[EventCountry "ESP"]
[SourceTitle "CBM 187 Extra"]
[Source "ChessBase"]
[SourceDate "2018.11.04"]
[SourceVersion "1"]
[SourceVersionDate "2018.11.04"]
[SourceQuality "1"]

1. e4 e6 2. d4 d5 3. Nd2 c5 4. Ngf3 cxd4 5. Nxd4 Nc6 6. Nxc6 bxc6 7. Bd3 Bd6 8. 0-0 Ne7 9. Nf3 Ng6 10. Re1 Qc7 11. Qe2 Nf4 12. Bxf4 Bxf4 13. e5 a5 14. h3 Qb6 15. Rab1 Ba6 16. Nh2 Bxd3 17. cxd3 h5 18. Nf3 c5 19. Qc2 0-0 20. g3 Bh6 21. Qe2 g6 22. Kg2 Qb4 23. d4 cxd4 24. Red1 d3 25. Qxd3 Rfc8 26. Nd4 Bg7 27. f4 Rc4 28. h4 Rac8 29. Kh2 a4 30. Kh3 Kh7 31. b3 Rc3 32. Qb5 Qxb5 33. Nxb5 Rc2 34. Nd6 R8c7 35. bxa4 Rxa2 36. Ra1 Rcc2 37. Rh1 d4 38. Nxf7 Rab2 39. Ng5+ Kh6 40. Nxe6 d3 41. a5 Rg2 42. Rad1 1-0

[Event "Madrid San Viator op-A 30th"]
[Site "Madrid"]
[Date "2018.05.27"]
[Round "7"]
[White "Alvarez Cerbero, Julio Enrique"]
[Black "Matesanz Bonastre, Rafael"]
[Result "0-1"]
[WhiteElo "1501"]
[BlackElo "1856"]
[PlyCount "62"]
[EventDate "2018.04.08"]
[EventType "swiss"]
[EventRounds "9"]
[EventCountry "ESP"]
[SourceTitle "EXT 2019"]
[Source "ChessBase"]
[SourceDate "2018.10.10"]
[SourceVersion "1"]
[SourceVersionDate "2018.10.10"]
[SourceQuality "1"]

1. c4 f5 2. Nc3 Nf6 3. g3 e5 4. d3 Bb4 5. Bg2 0-0 6. a3 Bxc3+ 7. bxc3 d6 8. d4 Qe7 9. e3 f4 10. Ne2 fxg3 11. Nxg3 Ng4 12. 0-0 Qh4 13. h3 Nf6 14. dxe5 dxe5 15. Kh2 Nc6 16. Qe2 Be6 17. e4 Ng4+ 18. Kg1 Nxf2 19. Nf5 Nxh3+ 20. Bxh3 Qxh3 21. Rf3 Qg4+ 22. Qg2 Bxf5 23. exf5 Qxg2+ 24. Kxg2 Ne7 25. Bg5 Nxf5 26. Raf1 g6 27. Rh3 Rae8 28. Rd1 Rf7 29. Rhd3 h6 30. Bd8 e4 31. Rd7 Ne3+ 0-1

[Event "Madrid San Viator op-A 30th"]
[Site "Madrid"]
[Date "2018.05.06"]
[Round "4"]
[White "Matesanz Bonastre, Rafael"]
[Black "Munoz Cebey, Ricardo"]
[Result "0-1"]
[WhiteElo "1856"]
[BlackElo "1793"]
[PlyCount "46"]
[EventDate "2018.04.08"]
[EventType "swiss"]
[EventRounds "9"]
[EventCountry "ESP"]
[SourceTitle "EXT 2019"]
[Source "ChessBase"]
[SourceDate "2018.10.10"]
[SourceVersion "1"]
[SourceVersionDate "2018.10.10"]
[SourceQuality "1"]

1. d4 d5 2. c4 dxc4 3. Nf3 Nf6 4. Nc3 a6 5. a4 Nc6 6. h3 Bf5 7. g4 Bg6 8. Bg2 e6 9. 0-0 Bb4 10. Bg5 0-0 11. e3 Qd6 12. Bf4 Qe7 13. Ne5 Nxe5 14. dxe5 Bxc3 15. bxc3 Nd5 16. Qc1 Bd3 17. Rd1 b5 18. e4 Nxf4 19. Qxf4 Bc2 20. Rd4 Bxa4 21. Qe3 Rfd8 22. Rxc4 bxc4 23. Rxa4 Rd3 0-1

[Event "ESP-ch U16"]
[Site "Salobrena"]
[Date "2012.07.16"]
[Round "1"]
[White "Perez Cabas, Jose"]
[Black "Matesanz Bonastre, Rafael"]
[Result "1-0"]
[WhiteElo "2039"]
[BlackElo "1691"]
[PlyCount "94"]
[EventDate "2012.07.16"]
[EventType "swiss"]
[EventRounds "9"]
[EventCountry "ESP"]
[SourceTitle "EXT 2014"]
[Source "ChessBase"]
[SourceDate "2013.11.20"]
[SourceVersion "1"]
[SourceVersionDate "2013.11.20"]
[SourceQuality "1"]

1. e4 e6 2. d4 d5 3. Bd3 c5 4. exd5 Qxd5 5. dxc5 Qxg2 6. Qf3 Qxf3 7. Nxf3 Bxc5 8. Rg1 g6 9. Nc3 Nc6 10. Ne4 Be7 11. Bf4 Bd7 12. Rd1 Nf6 13. Nd6+ Bxd6 14. Bxd6 0-0-0 15. Ne5 Be8 16. Nxc6 Rxd6 17. Nxa7+ Kb8 18. Nb5 Rxd3 19. Rxd3 Bxb5 20. Rf3 Nd7 21. Rxf7 Ne5 22. Rf6 Bc6 23. Rg3 Re8 24. h3 Kc8 25. Re3 Nc4 26. Rexe6 Nxb2 27. Rxe8+ Bxe8 28. Re6 Bd7 29. Re7 Bxh3 30. Rxh7 Bf5 31. Rh4 Bxc2 32. Kd2 Bf5 33. Rd4 b5 34. Kc3 Na4+ 35. Kb4 Bd7 36. Rd6 g5 37. f3 Kc7 38. Rg6 Nb6 39. Rxg5 Bc6 40. Rf5 Nd5+ 41. Kc5 Ne7 42. Rf7 Kd7 43. Rxe7+ Kxe7 44. Kxc6 b4 45. Kb5 Ke6 46. Kxb4 Ke5 47. a4 Kd5 1-0